| 000 | 01836nam0a2200325 4500 | ||
|---|---|---|---|
| 001 | RU\NLR\BIBL_A\022641163 | ||
| 005 | 20260426071811.0 | ||
| 010 |
_a978-5-9273-4137-5 _9100 |
||
| 021 |
_aRU _bКН-П-25-051108 _9КН-П-25-4943 |
||
| 035 | _a(NLR Aleph) 022641163 | ||
| 090 |
_a13692387 _c13692387 |
||
| 100 | _a20251010d2025 u y0rusy50 ca | ||
| 101 | 0 | _arus | |
| 102 | _aRU | ||
| 105 | _aa j 000yy | ||
| 181 | 0 |
_ai _baxxe |
|
| 182 | 0 | _an | |
| 200 | 1 |
_aИстория России _eучебно-методическое пособие _eдля студентов неисторических направлений подготовки бакалавриата и специалитета _fВ. Н. Глазьев, Т. В. Жиброва _gМинистерство науки и высшего образования РФ, Федеральное государственное бюджетное образовательное учреждение высшего образования "Воронежский государственный университет" |
|
| 203 |
_aТекст _bвизуальный _cнепосредственный |
||
| 210 |
_aВоронеж _cИздательский дом ВГУ _d2025 |
||
| 215 |
_a198, [1] с. _cтабл. _d20 |
||
| 320 | _aБиблиогр.: с. 170–172 и в конце разд. | ||
| 607 |
_aРоссия _jУчебно-методические пособия для высших учебных заведений _xИстория _91554184 _3RU\NLR\AUTH\66979780 |
||
| 686 | 1 | _aТ3(2)я73 | |
| 700 | 1 |
_aГлазьев _bВ. Н. _gВладимир Николаевич |
|
| 701 | 1 |
_aЖиброва _bТ. В. _gТатьяна Валерьевна |
|
| 942 | _cBOOK | ||
| 980 | _aNB | ||